World Cup 1998 Teams - Statistics

General Stats
  • This quiz has been taken 2,009 times
  • The average score is 27 of 32
Answer Stats
Group Answer % Correct
A Brazil
99%
C France
99%
H Argentina
97%
G England
96%
F United States
96%
F Germany
95%
B Italy
95%
H Japan
94%
D Spain
94%
E Mexico
92%
E South Korea
91%
B Chile
90%
E Netherlands
90%
H Croatia
88%
C Denmark
87%
D Nigeria
87%
E Belgium
86%
G Colombia
85%
B Cameroon
84%
A Norway
84%
F Iran
83%
D Paraguay
82%
A Scotland
82%
C Saudi Arabia
78%
G Romania
76%
C South Africa
76%
B Austria
75%
A Morocco
75%
D Bulgaria
72%
H Jamaica
71%
G Tunisia
70%
F Yugoslavia
59%
No matching quizzes found
Score Distribution
Percent of People with Each Score
Percentile by Number Answered
Your Score History
You have not taken this quiz